00735nam a22002177a 450000500170000001000400001702000260005702000320008303500130011503500140012803500130014203700210015503700130017608200080018910000170019724501330021426000430034727000500039030000310044049000460047120230523162741.0 a1516EN07 ENG-115095 ENG-137011 a9789339221300c325.00 a9789339221300c345.00 (AV) aEN-98627 aEN-120543 aB-666103 adplbPragati/Ven bDBAD/PUB a000 aRamesh Singh aGeneral studies paper-1 for Civil Services preliminary examination :bobjective economic & social development /cby Ramesh Singh aNew DelhibMcGraw Hill Educationc2015 aP-24, Green Park ExtensionbNew Delhie110016 avarious pagingsc24cm(pbk) aMcGraw Hill Education winning edge series